Lightning Strikes : Timeless Lessons In Creativity From The Life And Work Of Nikola Tesla. (Record no. 17124)

MARC details
000 -LEADER
fixed length control field 00469nam a2200157Ia 4500
008 - FIXED-LENGTH DATA ELEMENTS--GENERAL INFORMATION
fixed length control field 220803s9999 xx 000 0 und d
020 ## - INTERNATIONAL STANDARD BOOK NUMBER
International Standard Book Number 9781454917687
041 ## - LANGUAGE CODE
Language code of text/sound track or separate title eng
082 ## - DEWEY DECIMAL CLASSIFICATION NUMBER
Classification number WAS 729
100 ## - MAIN ENTRY--PERSONAL NAME
Personal name Wasik J.
9 (RLIN) 26873
245 ## - TITLE STATEMENT
Title Lightning Strikes : Timeless Lessons In Creativity From The Life And Work Of Nikola Tesla.
260 ## - PUBLICATION, DISTRIBUTION, ETC. (IMPRINT)
Place of publication, distribution, etc. New York
Name of publisher, distributor, etc. Sterling Publishing Co. New Delhi.
Date of publication, distribution, etc. 2016
300 ## - PHYSICAL DESCRIPTION
Extent 274p
500 ## - GENERAL NOTE
Keywords 35
650 ## - SUBJECT ADDED ENTRY--TOPICAL TERM
Topical term or geographic name as entry element Master Architects
9 (RLIN) 26874
Holdings
Withdrawn status Lost status Damaged status Not for loan Collection code Home library Current library Shelving location Date acquired Vendor Cost, normal purchase price Full call number Barcode Date last seen Cost, replacement price Bill Date Koha item type Original Barcode
        Book of B Arch Dr. Bhanuben Nanavati College of Architecture Dr. Bhanuben Nanavati College of Architecture   22/08/2019 Word Book Shop 1783.86 720.95 WAS BNCA-BK-11216 03/08/2022 1818.86 30/07/2019 Reference book B11216